00575pab a2200181 454500008004000000100002100040245008600061260000900147300001400156362000800170650002800178650001200206700002400218773001800242909001000260999001700270952010600287180718b2003 xxu||||| |||| 00| 0 eng d aGrigsby, William aTrying to understand low-income housing subsidies: lessons from the United States c2003 ap.973-92. aMay aHousing - United States aHousing aBourassa, Steven C. aUrban Studies a56914 c56914d56914 00104070aIIPAbIIPAd2018-07-19hVolume no: 40, Issue no: 5-6pAR57359r2018-07-19w2018-07-19yAR